LEADER 00988nam a2200265 i 4500 001 000000157999 003 CaOOAMICUS 005 20070125000000.0 008 070125s1987 it u000 u ita u 013 $a135362 040 $aSeMil$bita 100 1 $aMoreno, Paolo.$0(OLS)http://semarc/name/61635 245 10$aVita e arte di Lisippo /$cPaolo Moreno. 260 $aMilano :$bIl Saggiatore,$ccopyr. 1987. 300 $a302 p. :$brivvamente ill. ;$c21 cm. 490 0 $aLa cultura ;$v47 500 $aContiene : Bibliografia. - Fondo Ciprandi. 650 4$aLisippo.$0(OLS)http://semarc/subject/30907 830 3$aLa cultura ;$v47.$0(OLS)http://semarc/title/6877 850 $aSeMil 852 $aSeMil$W1$xVenegono$y1$m5R VI 55$j109673$B109673$CSeMilBibl$Z2$F119287 $81 941 1 $a1 961 $aOmaggio: Ciprandi dott. Paolo 996 $6245$aVita e arte di Lisippo$9(OLS)http://semarc/title/231812 996 $6260$aMilano :$bIl Saggiatore$9(OLS)http://semarc/publisher/30255 LEADER 00761nas a2200169 i 4500 001 000000016578 003 CaOOAMICUS 005 20180830125443.0 008 180830n it u0 ita u 040 $aSeMil$bita 240 10$aNuova Serie pubblicani CADR.$0(OLS)http://semarc/title/21933 245 10$aStrumenti di lavoro per il dialogo islamo-cristiano /$cCentro Ambrosiano di Documentazioni per le Religioni C.A.D.R. 260 $aMilano :$b[s.n.],$c[200?] 300 $av. ;$c21 cm. 700 1 $aC.A.D.R. Centro Ambrosiano di Documentazioni per le Religioni .$0(OLS)http://semarc/name/7635 996 $6245$aStrumenti di lavoro per il dialogo islamo-cristiano$9(OLS)http://semarc/title/21932 996 $6260$aMilano :$b[s.n.]$9(OLS)http://semarc/publisher/29709